000 00270nam a2200109Ia 4500
008 200302s9999 xx 000 0 und d
100 _aSunil Mehra
245 _aRajasthan Una Aventura Interminable
260 _bLustre Press Pvt. Ltd.
260 _c1993
300 _a104 P.,
999 _c1617
_d1617